Načítá se...

Maithileesaran Gupta ke kaavya mem raari

Podrobná bibliografie
Hlavní autor: Manju Latha Tiwari
Médium: Printed Book
Vydáno: Lucknow, Sulabh Prakasan 1977
Témata:
LEADER 005520000a22001810004500
022 |a 25-07-2004 
041 |a Hindi 
082 |a 891.431 009 MAN/M L7 
100 |a Manju Latha Tiwari 
245 |a Maithileesaran Gupta ke kaavya mem raari 
260 |a Lucknow, Sulabh Prakasan 
260 |c 1977 
650 |a Criticism 
650 |a Hindi literature 
650 |a Poetry 
942 |c BK 
999 |c 145196  |d 145192 
952 |0 0  |1 0  |4 0  |6 891_431000000000000_009_MAN_M_L7  |7 0  |9 143971  |a SCC  |b SCC  |d 2017-10-11  |l 0  |o 891.431 009 MAN/M L7  |p SCC04768  |r 2017-10-11  |w 2017-10-11  |y BK